01176nam a2200193Ia 4500001001100000003001000011008004100021040002500062041001300087100001500100245007700115250001100192260009200203300001200295500026200307501011400569520026200683650003700945L800-49098IT-CnALBA170116s9999||||xx |||||||||||||| ||und|| aIT-CnALBAcIT-CnALBA aITALIANO aMANDINO OG 0aMISSIONE SUCCESSO. LA VITA È UNA MISSIONE. ECCO IL TUO PIANO DI VOLO.  a1a ed. aTORINO - MILANObGRIBAUDI PIERO. EDITOREc1997 [1° Ed.:1997 - Ed.Ling.Originale: 1986] a167 p.  aRICERCA DELLA FELICITÀ. RICERCA VANA PER MOLTI ALTRI, SCOPERTA IN LUOGHI IMPENSATI. NEGLI ANNI '40, II GUERRA MONDIALE, PROTAGONISTA STORIA APPASSIONANTE GARDINER LUKE, INCONTRO INDIMENTICABILE. SAGGI CONSIGLI PER PORTARE A CONCLUSIONE LA MISSIONE DELLA V aSocietà San Paolo EM - Piazza San Paolo, 14 - 12051 ALBA (CN) (non commercial uses only) ® Copyright 2017 aRICERCA DELLA FELICITÀ. RICERCA VANA PER MOLTI ALTRI, SCOPERTA IN LUOGHI IMPENSATI. NEGLI ANNI '40, II GUERRA MONDIALE, PROTAGONISTA STORIA APPASSIONANTE GARDINER LUKE, INCONTRO INDIMENTICABILE. SAGGI CONSIGLI PER PORTARE A CONCLUSIONE LA MISSIONE DELLA V aDIZIONARI E LETTERATURA GENERALE